00474nam a2200193 a 4500001001300000003000900013005001700022008004100039020001000080082001700090100002400107245001900131260003600150300000800186500003500194505000800229650001900237700002400256nice12345678IN_TiNIC20260116011905.0050524s1967 azaa grp 000 0 per  ac10000a891.51bFAR1 aFarahi, Hameeduddin aNawa-I-Pahelvi aAzam GarhbHameedia Pressc1967 a55p aincludes index and biblioraphy2 aApp aPersian Poetry1 aFarahi, Hameeduddin